000 00474nam a2200169Ia 4500
999 _c26023
_d26023
003 OSt
005 20201203113840.0
008 190216s9999||||xx |||||||||||||| ||und||
040 _coclc
082 _a894.8123
_bKUN/A
100 _aKunjukuttan, Madambu
_96705
245 0 _aAvignamasthu /
_cMadambu Kunjukuttan
260 _bDc Books,
_aKottayam:
_c1984.
300 _a455p
650 _aNovel
942 _cBK
_2ddc
_h894.8123
_iKUN/A
_k894.8123
_mKUN/A